| 000 | 00751cab a2200229 4500 | ||
|---|---|---|---|
| 001 | ABS38949 | ||
| 008 | 090401t1988 xxu||||| |||| 00| 0 eng d | ||
| 035 | _a(Sirsi) u13472 | ||
| 041 | _aeng | ||
| 100 | _aScott, I. | ||
| 245 | _aDon`t be static - think systematic | ||
| 260 | _c1988 | ||
| 350 | _a0 | ||
| 490 |
_aChartered Surveyor Weekly _v22(13) 31 March 1988, 34(1) |
||
| 520 | _aDescribes recent research into the application of expert systems in the following areas: mortgage valuation , property valuation , quantity surveying , town planning , design guidance and building. | ||
| 650 | _aBUILDING INDUSTRY | ||
| 650 | _aCOMPUTERS | ||
| 690 | _aPRACTICE AND TECHNIQUES | ||
| 700 | _aGronow, S. | ||
| 942 | _n0 | ||
| 948 | _c04/03/1997 | ||
| 999 |
_c8683 _d8683 |
||